000 00526nam a2200205Ia 4500
005 20250326143303.0
008 250326s9999 xx 000 0 und d
020 _a0-415-20793-2
037 _aTextbook
040 _aFMSL
_beng
_cFMSL
041 _aeng
_2eng
084 _aX3 N3
_qFMSL
100 _aHartley P
_9747767
245 0 _aInterpersonal communication
_cHartley P
250 _a2
260 _aLondon
_bLondon, Routledge
_c1993
300 _a254p
942 _cTB
_hX3 N3
999 _c1298922
_d1298922